Traité pratique des maladies du larynx, du pharynx & de la trachée / (Record no. 158412)

MARC details
000 -LEADER
campo de control de longitud fija 00867nam a2200229 i 4500
001 - NÚMERO DE CONTROL
campo de control 158412
003 - IDENTIFICADOR DE NÚMERO DE CONTROL
campo de control ES-MaACL
005 - FECHA Y HORA DE LA ÚLTIMA TRANSACCIÓN
campo de control 20251218063014.0
008 - DATOS DE LONGITUD FIJA--INFORMACIÓN GENERAL
campo de control de longitud fija 940711s1882 fr a |||| | fre d
040 ## - FUENTE DE CATALOGACIÓN
Centro catalogador/agencia de origen CAT
Lengua de catalogación spa
Centro/agencia transcriptor CAT
Centro/agencia modificador CCPB
080 #4 - NÚMERO DE LA CLASIFICACIÓN DECIMAL UNIVERSAL
Número de la Clasificación Decimal Universal 616
100 1# - ENTRADA PRINCIPAL--NOMBRE DE PERSONA
Nombre de persona Mackenzie,
Títulos y otros términos asociados al nombre Sir Morell,
Fechas asociadas al nombre 1837-1892
9 (RLIN) 129295
245 10 - MENCIÓN DEL TÍTULO
Título Traité pratique des maladies du larynx, du pharynx & de la trachée /
Mención de responsabilidad, etc. par Morell-Mackenzie ; traduit de l'anglais et annoté par MM. les docteurs E.-J. Moure, Francis Bertier.
260 ## - PUBLICACIÓN, DISTRIBUCIÓN, ETC.
Lugar de publicación, distribución, etc. Paris :
Nombre del editor, distribuidor, etc. Octave Doin,
Fecha de publicación, distribución, etc. 1882.
300 ## - DESCRIPCIÓN FÍSICA
Extensión XV, 807 p. :
Otras características físicas il. ;
Dimensiones 20 cm.
650 #4 - PUNTO DE ACCESO ADICIONAL DE MATERIA--TÉRMINO DE MATERIA
Término de materia o nombre geográfico como elemento de entrada Aparato respiratorio-
Subdivisión general Enfermedades.
9 (RLIN) 135585
700 1# - ENTRADA AGREGADA--NOMBRE PERSONAL
Nombre de persona Moure, Jean Gabriel Émile,
Fechas asociadas al nombre 1855-1941
9 (RLIN) 130248
700 1# - ENTRADA AGREGADA--NOMBRE PERSONAL
Nombre de persona Bertier, Francis.
9 (RLIN) 125964
852 ## - LOCALIZACIÓN
Ubicación ES-MaACL
Número de control de estantería G-14629
Nota libre -- Enc. hol.
Holdings
Estatus retirado Estado de pérdida Estado de daño No para préstamo Colección Biblioteca de origen Biblioteca actual Ubicación en estantería Fecha de adquisición Fuente de adquisición Total de préstamos Signatura topográfica completa Código de barras Visto por última vez Precio de reemplazo Tipo de ítem Koha
        Libros del s. XIX Biblioteca del Ateneo de Madrid Biblioteca del Ateneo de Madrid Sala Pecera Planta 3 17/01/2008     G-14629 1165798 23/02/2023 23/02/2023 Libro impreso antiguo